Bestie /
Astera je bestie. Predátorka, která muže ničí a vychutnává si je. Neobvyklá, rafinovaná, dovede vzít za srdce a ve správnou chvíli stisknout pod krkem. Ale co když se jí to jednoho dne vymstí? A co když je to všechno trochu jinak?Tato novela má s růžovou milostnou lyrikou málo společného. Je syrová...
Uloženo v:
| Hlavní autor: | |
|---|---|
| Médium: | E-kniha |
| Jazyk: | Czech |
| Vydáno: |
Praha :
E-knihy jedou,
2018
|
| Tagy: |
Žádné tagy |
| LEADER | 01392nam a22002297i 4500 | ||
|---|---|---|---|
| 001 | 310882 | ||
| 007 | ta | ||
| 008 | 260601s2018 xr ||||| |||| 00| 0 cze d | ||
| 020 | |a 9990001778705 | ||
| 044 | |a xr | ||
| 100 | 1 | |a Auterská, Anna |4 aut | |
| 245 | 1 | 0 | |a Bestie / |c Auterská, Anna |
| 264 | 1 | |a Praha : |b E-knihy jedou, |c 2018 | |
| 300 | |a 1 online zdroj (84 stran) | ||
| 336 | |a text |b txt |2 rdacontent | ||
| 337 | |a bez média |b n |2 rdamedia | ||
| 338 | |a online zdroj |b cr |2 rdacarrier | ||
| 520 | 2 | |a Astera je bestie. Predátorka, která muže ničí a vychutnává si je. Neobvyklá, rafinovaná, dovede vzít za srdce a ve správnou chvíli stisknout pod krkem. Ale co když se jí to jednoho dne vymstí? A co když je to všechno trochu jinak?Tato novela má s růžovou milostnou lyrikou málo společného. Je syrová a nevybíravá, politicky nekorektní až kontroverzní. Sousto pro milovníky drsné erotiky, které neschází zajímavý příběh. | |
| 910 | |a RBIT002 | ||
| 998 | |d 177870 |a https://core.palmknihy.cz/api/books/177870/cover?p65t1x |b https://core.palmknihy.cz/api/books/177870/cover/400?p65t1x |c https://core.palmknihy.cz/api/books/177870/cover/50?p65t1x |e |g 84 |i 9990001778705 |j https://core.palmknihy.cz/api/books/177870/preview.epub |k https://core.palmknihy.cz/api/books/177870/preview.pdf |l |q 49 |r 1 |s https://www.palmknihy.cz/kniha/177870 |t ebook |y 2018 |z 1 | ||
| 999 | |d 310880 | ||